Statistics for Don't Stop Believin' Lyrics Quiz

Click here to take the quiz!

General Stats

  • This quiz has been taken 153,570 times
    (55,555 since last reset)
  • The average score is 18 of 23

Answer Stats

Lyric % Correct
Just a {small} {town} girl
96%
Livin' in a {lonely} world
96%
She took the {midnight} {train} goin' anywhere
96%
He took the {midnight} {train} goin' anywhere
96%
Born and raised in south {Detroit}
93%
Just a {city} boy
91%
Don't stop {believin}'
89%
A smell of wine and {cheap} {perfume}
87%
Some will win, {some} {will} {lose}
86%
Some were born to sing the {blues}
84%
Hold on to that {feelin}'
83%
Up and down the {boulevard}
83%
A singer in a {smoky} {room}
75%
{Streetlight} people
71%
Payin' anything to roll the dice just {one} {more} {time}
71%
Their {shadows} searching in the night
68%
Living just to find {emotion}
67%
Everybody wants a {thrill}
66%
{Strangers} waiting
65%
{Hiding} somewhere in the night
56%
For a {smile} they can share the night
54%
Oh, the {movie} never ends
48%
Working hard to get {my} {fill}
46%

Score Distribution

Percentile by Number Answered

Percent of People with Each Score

Your Score History

You have not taken this quiz since the last reset